| 000 | 01004nam0a22002291 4500 | ||
|---|---|---|---|
| 001 | rc\4277508 | ||
| 005 | 20260407130026.0 | ||
| 035 | _a(NLR Aleph) 008243459 | ||
| 090 |
_a8291952 _c8291952 |
||
| 100 | _a20130416b1965 |||y0rusy50 ca | ||
| 101 | 0 | _arus | |
| 102 | _aRU | ||
| 105 | _ay b ||||| | ||
| 200 | 1 |
_aКаталог иностранных географических атласов Библиотеки АН СССР [изданных] _f[АН СССР. Б-ка АН СССР] |
|
| 210 |
_aМосква _aЛенинград _cНаука. Ленингр. отд-ние _d1965 |
||
| 710 | 0 | 2 |
_aАН СССР _bБиблиотека _3RU\NLR\AUTH\889973263 _9443034 |
| 801 | 0 |
_aRU _bNLR _gpsbo |
|
| 801 | 1 |
_aRU _bELAR _2rusmarc |
|
| 830 | _aПеречень имеющихся в библиотеке томов, номеров, годов этого издания смотри в каталоге периодических изданий | ||
| 852 |
_aNLR _jС167-420/А-38 |
||
| 942 | _cBOOK | ||
| 980 | _aNB | ||